LEADER 03752nam 2200733 450 001 9910131492903321 005 20230802054427.0 010 $a1-118-84562-5 010 $a1-118-84607-9 010 $a1-118-84561-7 035 $a(CKB)3710000000451365 035 $a(EBL)1998756 035 $a(SSID)ssj0001529516 035 $a(PQKBManifestationID)11860087 035 $a(PQKBTitleCode)TC0001529516 035 $a(PQKBWorkID)11523429 035 $a(PQKB)10177790 035 $a(MiAaPQ)EBC4039201 035 $a(DLC) 2015018708 035 $a(MiAaPQ)EBC1998756 035 $a(Au-PeEL)EBL4039201 035 $a(CaPaEBR)ebr11081235 035 $a(CaONFJC)MIL816317 035 $a(OCoLC)908699067 035 $a(Au-PeEL)EBL1998756 035 $a(EXLCZ)993710000000451365 100 $a20150804h20152015 uy 0 101 0 $aeng 135 $aur||||||||||| 181 $ctxt 182 $cc 183 $acr 200 10$aEnergy and global climate change $ebridging the sustainable development divide /$fAnilla Cherian 205 $a1st ed. 210 1$aWest Sussex, England :$cWiley Blackwell,$d2015. 210 4$dİ2015 215 $a1 online resource (301 p.) 225 1 $aTHEi Wiley ebooks 300 $aDescription based upon print version of record. 311 $a1-118-84560-9 320 $aIncludes bibliographical references and index. 327 $aConfronting the neglected nexus between climate change and energy access for the poor -- Where is the "energy" in global climate change negotiations outcomes? : examining key UN global climate change outcomes from 1992-2014 for references to nexus between climate change and energy access for the poor -- Where's the "energy" in key UN global outcomes on sustainable development? : examining the record of UNCHE 1972-Rio+20 2012 for references to nexus between climate change and energy access for the poor -- Understanding the acronym soup of voluntary initiatives and partnerships on sustainable development within the UN content : locating energy access and climate change voluntary efforts -- Towards an integraged framework on energy access for the poor and climate change : issues to consider for the UN led post-2015 development agenda. 330 $a"This book, is exactly the expansion of the concept of energy access for poor in terms of its linkages with climate change and sustainable development that is the main focus of investigation. In this regard, the argument that is advanced is not whether and how to increase energy access for the poor, or whether and how to improve the prospects for a comprehensive climate change agreement, but instead to ask whether and how energy access for the poor has been factored into the series of key UN led intergovernmental climate change and sustainable development outputs"--$cProvided by publisher. 410 0$aTHEi Wiley ebooks. 606 $aEnvironmental policy$zDeveloping countries 606 $aPoor$xEnergy assistance$xGovernment policy$zDeveloping countries 606 $aClimate change mitigation$xSocial aspects 606 $aClimate change mitigation$xInternational cooperation 606 $aEnergy policy 615 0$aEnvironmental policy 615 0$aPoor$xEnergy assistance$xGovernment policy 615 0$aClimate change mitigation$xSocial aspects. 615 0$aClimate change mitigation$xInternational cooperation. 615 0$aEnergy policy. 676 $a363.738/74561091724 686 $aSCI042000$2bisacsh 700 $aCherian$b Anilla$0866643 801 0$bMiAaPQ 801 1$bMiAaPQ 801 2$bMiAaPQ 906 $aBOOK 912 $a9910131492903321 996 $aEnergy and global climate change$91934548 997 $aUNINA LEADER 02358nas 2200517-a 450 001 9910141406103321 005 20260218110723.0 011 $a2287-3139 035 $a(OCoLC)888378321 035 $a(CKB)2670000000274519 035 $a(CONSER)--2014243534 035 $a(DE-599)ZDB3019808-2 035 $a(NjHacI)992670000000274519 035 $a(DE-599)3019808-2 035 $a(EXLCZ)992670000000274519 100 $a20120725a20129999 --- - 101 0 $aeng 135 $aur||||||||||| 181 $ctxt$2rdacontent 182 $cn$2rdamedia 183 $acr$2rdacarrier 200 00$aJournal of cerebrovascular and endovascular neurosurgery 210 $aSeoul $cKorean Society of Cerebrovascular Surgeons 210 1$aSeoul :$cKorean Society of Cerebrovascular Surgeons,$d2012. 215 $a1 online resource 300 $aRefereed/Peer-reviewed 311 08$a2234-8565 327 $aOriginal Articles -- Intraarterial Tirofiban Thrombolysis for Thromboembolisms During Coil Embolization for Ruptured Intracranial Aneurysms -- Cognitive Function of Korean Neurosurgical Patients: Cross-sectional Study Using the Korean Version of the Mini-mental Status Examination -- Clinical Analysis of Giant Intracranial Aneurysms with Endovascular Embolization -- Endovascular and Microsurgical Treatment of Superior Cerebellar Artery Aneurysms -- Image Findings in Brain Developmental Venous Anomalies -- Case Report -- Coil Embolization of a Ruptured Basilar Tip Aneurysm Associated with Bilateral Cervical Internal Carotid Artery Occlusion: A Case Report and Literature Review. 606 $aCerebrovascular disease$xSurgery$vPeriodicals 606 $aCerebrovascular Disorders$xsurgery 606 $aNeurosurgical Procedures$xmethods 606 $aEndovascular Procedures$xmethods 608 $aPeriodical. 615 0$aCerebrovascular disease$xSurgery 615 12$aCerebrovascular Disorders$xsurgery. 615 12$aNeurosurgical Procedures$xmethods. 615 22$aEndovascular Procedures$xmethods. 676 $a617.48 712 02$aTaehan Noe Hy?lgwan Oegwa Hakhoe. 712 02$aTaehan Noe Hy?lgwannae Susul Hakhoe. 801 0$bNjHacI 801 1$bNjHacl 906 $aJOURNAL 912 $a9910141406103321 996 $aJournal of cerebrovascular and endovascular neurosurgery$92243943 997 $aUNINA